[Event "FIDE World Uni Rapid-F 1st"]
[Site "Tornelo INT"]
[Date "2021.03.20"]
[Round "5"]
[White "Saurabh, Anand"]
[Black "Zaza, Ludovic"]
[Result "1/2-1/2"]
[WhiteElo "2304"]
[BlackElo "2032"]
[PlyCount "61"]
[EventDate "2021.03.20"]
[EventType "swiss (rapid)"]
[EventRounds "12"]
[EventCountry "NET"]
[SourceTitle "EXT 2022"]
[Source "ChessBase"]
[SourceDate "2021.10.06"]
[SourceVersion "1"]
[SourceVersionDate "2021.10.06"]
[SourceQuality "1"]

1. e4 e5 2. Nf3 Nc6 3. Bb5 a6 4. Ba4 d6 5. 0-0 Bd7 6. c3 Nge7 7. d4 Ng6 8. Nbd2 Be7 9. d5 Nb8 10. Bc2 h6 11. Re1 Bg5 12. Nf1 Bxc1 13. Qxc1 Bg4 14. Qe3 Qf6 15. h3 Bxf3 16. Qxf3 Qxf3 17. gxf3 Nf4 18. Kh2 Nd7 19. c4 Ke7 20. b4 a5 21. a3 b6 22. Ne3 g6 23. Red1 Ne2 24. Kg2 Nf6 25. Rd2 Nd4 26. Ba4 Nh5 27. Nc2 Nf4+ 28. Kg3 Nh5+ 29. Kg2 Nf4+ 30. Kg3 Nh5+ 31. Kg2 1/2-1/2

[Event "FIDE World Uni Rapid-F 1st"]
[Site "Tornelo INT"]
[Date "2021.03.20"]
[Round "3"]
[White "Tokhirjonova, Gulruhbegim"]
[Black "Zaza, Ludovic"]
[Result "1-0"]
[WhiteElo "2362"]
[BlackElo "2032"]
[PlyCount "55"]
[EventDate "2021.03.20"]
[EventType "swiss (rapid)"]
[EventRounds "12"]
[EventCountry "NET"]
[SourceTitle "EXT 2022"]
[Source "ChessBase"]
[SourceDate "2021.10.06"]
[SourceVersion "1"]
[SourceVersionDate "2021.10.06"]
[SourceQuality "1"]

1. e4 e5 2. Nf3 Nc6 3. Bb5 a6 4. Ba4 d6 5. c3 f5 6. exf5 Bxf5 7. d4 e4 8. Nfd2 d5 9. c4 Nf6 10. Nc3 dxc4 11. Bxc6+ bxc6 12. Nxc4 Bd6 13. h3 0-0 14. 0-0 Qe8 15. Ne3 Bd7 16. Kh1 Qg6 17. Qc2 Rae8 18. Bd2 Nh5 19. Ne2 Bxh3 20. gxh3 Rf3 21. Ng1 Nf4 22. Nxf3 Qh5 23. Nh2 Qxh3 24. Bb4 Re6 25. Bxd6 cxd6 26. Qxc6 h6 27. Qc8+ Kh7 28. d5 1-0

[Event "FIDE World Uni Blitz-A 1st"]
[Site "Tornelo INT"]
[Date "2021.03.13"]
[Round "7.47"]
[White "Sakshi, Pradyumn"]
[Black "Zaza, Ludovic"]
[Result "0-1"]
[WhiteElo "1504"]
[BlackElo "2032"]
[PlyCount "128"]
[EventDate "2021.03.13"]
[EventType "swiss (blitz)"]
[EventRounds "10"]
[EventCountry "NET"]
[SourceTitle "EXT 2022"]
[Source "ChessBase"]
[SourceDate "2021.10.06"]
[SourceVersion "1"]
[SourceVersionDate "2021.10.06"]
[SourceQuality "1"]

1. e4 e5 2. Nf3 Nc6 3. Bb5 a6 4. Ba4 d6 5. h3 Bd7 6. 0-0 Nge7 7. c3 Ng6 8. d4 Be7 9. d5 Nb8 10. Bc2 h6 11. Nh2 Bg5 12. Na3 Qc8 13. Qf3 Bxc1 14. Raxc1 0-0 15. Qg3 Qd8 16. Nc4 Nf4 17. Rfe1 Bb5 18. b3 Bxc4 19. bxc4 Nd7 20. Ng4 Kh7 21. Ne3 Nc5 22. Rb1 b6 23. Nf5 Qf6 24. Ne3 Qg6 25. Qxg6+ fxg6 26. f3 Rf7 27. Kh2 Raf8 28. Kg3 Nh5+ 29. Kh2 Nf4 30. Kg3 h5 31. Kh2 Kh6 32. Kg3 a5 33. Rb2 Nfd3 34. Bxd3 Nxd3 35. Reb1 Nxb2 36. Rxb2 Rb8 37. Rb5 Rff8 38. Nc2 g5 39. Na1 Rf7 40. Nc2 Rbf8 41. Ne3 g6 42. Rb2 Rf4 43. Rb5 Kg7 44. Rb2 Kf7 45. Rb5 Ke7 46. Kh2 Kd7 47. Kg3 R8f7 48. Nc2 g4 49. Ne1 gxf3 50. gxf3 g5 51. Rb2 Ke7 52. Rg2 g4 53. hxg4 hxg4 54. fxg4 Rf1 55. Nd3 R1f3+ 56. Kh4 Rxd3 57. g5 Rg7 58. Kh5 Rh3+ 59. Kg4 Rxc3 60. Kf5 Rxc4 61. g6 Rc3 62. Rf2 Rg3 63. a4 R3xg6 64. Rg2 Rf6# 0-1

[Event "FIDE World Uni Blitz-A 1st"]
[Site "Tornelo INT"]
[Date "2021.03.13"]
[Round "6.39"]
[White "Zaza, Ludovic"]
[Black "De Paula, Luan Araujo"]
[Result "0-1"]
[WhiteElo "2032"]
[BlackElo "1706"]
[PlyCount "98"]
[EventDate "2021.03.13"]
[EventType "swiss (blitz)"]
[EventRounds "10"]
[EventCountry "NET"]
[SourceTitle "EXT 2022"]
[Source "ChessBase"]
[SourceDate "2021.10.06"]
[SourceVersion "1"]
[SourceVersionDate "2021.10.06"]
[SourceQuality "1"]

1. d4 d5 2. Nc3 Nf6 3. Bf4 c6 4. e3 Bf5 5. f3 Nbd7 6. g4 Bg6 7. h4 h6 8. Bd3 Bxd3 9. Qxd3 e6 10. 0-0-0 Qb6 11. e4 dxe4 12. Nxe4 Nxe4 13. fxe4 0-0-0 14. Nf3 Nf6 15. Rhg1 Bd6 16. e5 Nd5 17. Bd2 Bb4 18. c3 Be7 19. Kb1 Kb8 20. a3 c5 21. Qe4 cxd4 22. Qxd4 Qb3 23. Qe4 Bxa3 24. Qc2 Qxc2+ 25. Kxc2 Bc5 26. Rgf1 Ne3+ 27. Bxe3 Bxe3 28. Nd4 Bxd4 29. cxd4 Rd7 30. Kd3 Rc8 31. Rc1 Rcd8 32. Rc4 b5 33. Rb4 a6 34. Ke4 Kb7 35. Rd1 Kb6 36. Rb3 Rc8 37. Rf3 Rc2 38. Rdf1 Rd2 39. Rxf7 R2xd4+ 40. Ke3 Rd3+ 41. Ke2 Rd2+ 42. Ke1 Rxf7 43. Rxf7 Rxb2 44. Rxg7 a5 45. g5 hxg5 46. Rxg5 a4 47. h5 a3 48. h6 a2 49. Rg2 a1Q# 0-1

[Event "FIDE World Uni Blitz-A 1st"]
[Site "Tornelo INT"]
[Date "2021.03.13"]
[Round "8.38"]
[White "Zaza, Ludovic"]
[Black "Kumar, Viney"]
[Result "0-1"]
[WhiteElo "2032"]
[BlackElo "1711"]
[PlyCount "106"]
[EventDate "2021.03.13"]
[EventType "swiss (blitz)"]
[EventRounds "10"]
[EventCountry "NET"]
[SourceTitle "EXT 2022"]
[Source "ChessBase"]
[SourceDate "2021.10.06"]
[SourceVersion "1"]
[SourceVersionDate "2021.10.06"]
[SourceQuality "1"]

1. d4 Nf6 2. Nc3 d5 3. Bf4 a6 4. e3 g6 5. Nf3 Bg7 6. Ne5 0-0 7. Be2 c5 8. h4 cxd4 9. exd4 Nc6 10. h5 Bf5 11. g4 Be6 12. Qd2 Nxe5 13. dxe5 Nxg4 14. Bxg4 Bxg4 15. Bh6 Bxe5 16. Bxf8 Qxf8 17. hxg6 fxg6 18. Qg5 Qf3 19. 0-0 Qh3 20. Qxe5 Bf3 21. Qh2 Qg4+ 22. Qg3 Qf5 23. Rfe1 e6 24. Rad1 d4 25. Nb1 Bxd1 26. Rxd1 e5 27. Re1 Re8 28. Nd2 e4 29. Qc7 e3 30. fxe3 dxe3 31. Nf1 Qf2+ 32. Kh1 Qxe1 33. Qc4+ Kg7 34. Qc7+ Kh6 35. Qh2+ Kg5 36. Qg2+ Kf6 37. Qf3+ Kg7 38. Kg2 Qf2+ 39. Qxf2 exf2 40. Kxf2 Rc8 41. Ne3 Rf8+ 42. Ke2 Re8 43. Kd3 Rxe3+ 44. Kxe3 h5 45. c4 g5 46. b4 Kf6 47. b5 axb5 48. cxb5 Ke6 49. a4 Kd5 50. Kd3 Kc5 51. Ke4 g4 52. Kf4 Kb4 53. Ke5 g3 0-1

[Event "SUI-ch HT1 118th"]
[Site "Lenzerheide"]
[Date "2018.07.19"]
[Round "8"]
[White "Deveci, Sinan"]
[Black "Zaza, Ludovic"]
[Result "1/2-1/2"]
[WhiteElo "1943"]
[BlackElo "2028"]
[PlyCount "77"]
[EventDate "2018.07.12"]
[EventType "swiss"]
[EventRounds "9"]
[EventCountry "SUI"]
[SourceTitle "EXT 2019"]
[Source "ChessBase"]
[SourceDate "2018.10.10"]
[SourceVersion "1"]
[SourceVersionDate "2018.10.10"]
[SourceQuality "1"]

1. d4 Nf6 2. Nf3 c5 3. d5 e6 4. c4 b5 5. Bg5 exd5 6. cxd5 d6 7. e4 a6 8. Nbd2 Be7 9. a4 Nxd5 10. Bxe7 Qxe7 11. axb5 0-0 12. bxa6 Nxa6 13. Bc4 Nf4 14. 0-0 Bb7 15. Re1 Nb4 16. Rxa8 Rxa8 17. Qb3 Bc6 18. Qe3 Ne6 19. Qc3 h6 20. Nf1 Ng5 21. Nxg5 Qxg5 22. b3 Ra2 23. Ng3 Qd2 24. Qxd2 Rxd2 25. Nf5 Kh7 26. f3 Nd3 27. Bxd3 Rxd3 28. Re3 Rd1+ 29. Kf2 d5 30. exd5 Rxd5 31. Ne7 Rd2+ 32. Ke1 Rd6 33. Nxc6 Rxc6 34. Rc3 Rg6 35. Kf2 Rg5 36. g4 Kg6 37. h4 Rd5 38. h5+ Kf6 39. Rc4 1/2-1/2

[Event "Monthey op 6th"]
[Site "Monthey"]
[Date "2015.11.01"]
[Round "6"]
[White "Feller, Sebastien"]
[Black "Zaza, Ludovic"]
[Result "1-0"]
[WhiteElo "2622"]
[BlackElo "2044"]
[PlyCount "69"]
[EventDate "2015.10.30"]
[EventType "swiss"]
[EventRounds "7"]
[EventCountry "SUI"]
[SourceTitle "EXT 2017"]
[Source "ChessBase"]
[SourceDate "2016.10.25"]
[SourceVersion "1"]
[SourceVersionDate "2016.10.25"]
[SourceQuality "1"]

1. Nf3 Nf6 2. c4 e6 3. d4 b6 4. Bf4 Bb7 5. e3 d5 6. Nc3 Be7 7. Qa4+ c6 8. cxd5 exd5 9. Ne5 Nfd7 10. Be2 Nxe5 11. Bxe5 0-0 12. 0-0 Nd7 13. Bg3 Nf6 14. Rfd1 Re8 15. Rab1 Bd6 16. b4 Ne4 17. Nxe4 dxe4 18. Rbc1 a6 19. Qb3 Bxg3 20. hxg3 Qg5 21. a4 a5 22. d5 cxd5 23. bxa5 Rxa5 24. Qxb6 d4 25. Rxd4 Rd5 26. Rxd5 Qxd5 27. Bc4 Qd2 28. Bxf7+ Kxf7 29. Qxb7+ Kf8 30. Qc6 h6 31. Rc5 Qe1+ 32. Kh2 Qxf2 33. Qg6 Qxe3 34. Rf5+ Ke7 35. Rf7+ 1-0

[Event "Monthey op 1st"]
[Site "Monthey"]
[Date "2011.??.??"]
[Round "?"]
[White "Zaza, Ludovic"]
[Black "Janev, Evgeni"]
[Result "0-1"]
[WhiteElo "2050"]
[BlackElo "2470"]
[PlyCount "88"]
[EventDate "2011.10.??"]
[EventType "swiss"]
[EventRounds "7"]
[EventCountry "SUI"]
[SourceTitle "EXT 2017"]
[Source "ChessBase"]
[SourceDate "2016.10.25"]
[SourceVersion "1"]
[SourceVersionDate "2016.10.25"]
[SourceQuality "1"]

1. e4 Nf6 2. e5 Nd5 3. d4 d6 4. Nf3 Nb6 5. a4 a5 6. Bb5+ c6 7. Be2 g6 8. Bf4 Bg7 9. 0-0 0-0 10. c3 Na6 11. Nbd2 Nc7 12. exd6 exd6 13. Ne4 Ne8 14. Re1 h6 15. Qc1 Kh7 16. h4 Nd5 17. h5 Nxf4 18. Qxf4 d5 19. Ng3 g5 20. Bd3+ Kg8 21. Qd2 f5 22. Ne5 Nd6 23. Ng6 Rf7 24. f3 f4 25. Nf1 Nf5 26. Re2 Bd7 27. Rae1 Bf6 28. Qc2 Ng7 29. Ne5 Bxe5 30. Rxe5 Rf6 31. Bg6 g4 32. Nh2 g3 33. Nf1 Be6 34. Nd2 Qd7 35. Nb3 b6 36. Nd2 Raf8 37. b4 Bf5 38. Bxf5 Nxf5 39. Nf1 axb4 40. cxb4 Nxd4 41. Qd3 Nf5 42. a5 bxa5 43. bxa5 Qa7+ 44. Kh1 Qxa5 0-1